000
00185 a2200097 4500
020
_a
9788493562939
041
_a
spa
100
_a
Anonimo
245
_a
Antartida estacion polar
942
_c
BK
999
_c
510
_d
510